[Event "Aragon-chT Honor Gr I"]
[Site "Aragon"]
[Date "2023.02.18"]
[Round "4.27"]
[White "Iglesias Fernandez, Luis"]
[Black "Martinez Carnicer, Eduardo"]
[Result "1-0"]
[WhiteElo "1902"]
[BlackElo "1654"]
[PlyCount "73"]
[EventDate "2023.01.28"]
[EventType "team-tourn"]
[EventRounds "7"]
[EventCountry "ESP"]
[SourceTitle "EXT 2024"]
[Source "ChessBase"]
[SourceDate "2023.10.10"]
[SourceVersion "1"]
[SourceVersionDate "2023.10.10"]
[SourceQuality "1"]
[WhiteTeam "Palacio de Pioneros"]
[BlackTeam "Huesca Club Atletismo"]
[WhiteTeamCountry "ESP"]
[BlackTeamCountry "ESP"]

1. d4 Nf6 2. Nf3 c5 3. e3 g6 4. c3 cxd4 5. exd4 Bg7 6. Bc4 d5 7. Bd3 Nc6 8. 0-0 0-0 9. Nbd2 Re8 10. h3 e5 11. dxe5 Nxe5 12. Nxe5 Rxe5 13. Nf3 Re8 14. Bc2 a6 15. Bb3 b5 16. Bg5 Bb7 17. Qd3 Qd6 18. Rfe1 Ne4 19. Rad1 Nc5 20. Qd2 Nxb3 21. axb3 Bc6 22. Bf4 Qf8 23. Ne5 Bxe5 24. Bxe5 Re6 25. Bd4 Rae8 26. Rxe6 Rxe6 27. Re1 Qe7 28. Rxe6 Qxe6 29. Qf4 Qe1+ 30. Kh2 Qe6 31. Qb8+ Be8 32. Qd8 h6 33. b4 Kh7 34. Qc7 Bd7 35. Qf4 Qf5 36. Qb8 Bc8 37. Qd6 1-0

[Event "Aragon-chT Preferente Gr II"]
[Site "Aragon"]
[Date "2018.02.24"]
[Round "5.62"]
[White "Martinez Carnicer, Eduardo"]
[Black "Sacristan Latorre, Alberto"]
[Result "0-1"]
[WhiteElo "1738"]
[BlackElo "2055"]
[PlyCount "94"]
[EventDate "2018.01.27"]
[EventType "team-tourn"]
[EventRounds "9"]
[EventCountry "ESP"]
[SourceTitle "EXT 2019"]
[Source "ChessBase"]
[SourceDate "2018.10.10"]
[SourceVersion "1"]
[SourceVersionDate "2018.10.10"]
[SourceQuality "1"]
[WhiteTeam "Sabinanigo"]
[BlackTeam "Palacio de Pioneros II"]
[WhiteTeamCountry "ESP"]
[BlackTeamCountry "ESP"]

1. e4 c5 2. Nc3 Nc6 3. g3 g6 4. Bg2 Bg7 5. d3 Rb8 6. f4 d6 7. Nf3 b5 8. 0-0 b4 9. Ne2 Nf6 10. h3 0-0 11. c3 Ba6 12. Re1 c4 13. e5 dxe5 14. Nxe5 Nxe5 15. fxe5 Nd5 16. d4 bxc3 17. bxc3 Qa5 18. Qc2 Rfd8 19. Bg5 f6 20. exf6 exf6 21. Bd2 Bb7 22. Rab1 Bc6 23. Rxb8 Rxb8 24. Nf4 Rd8 25. Ne6 Re8 26. Nxg7 Kxg7 27. Rxe8 Bxe8 28. Qe4 Bf7 29. Qc2 Qc7 30. Kh2 Qe7 31. Qe4 Qa3 32. Qc2 Qe7 33. Qe4 Qa3 34. Qc2 f5 35. Bxd5 Bxd5 36. Bc1 Qe7 37. Qd2 Qe4 38. Kg1 Qh1+ 39. Kf2 Qg2+ 40. Ke1 Qxg3+ 41. Kd1 Qxh3 42. Qf4 Qf3+ 43. Ke1 Qxf4 44. Bxf4 Kf6 45. Be5+ Kg5 46. Kf2 Kg4 47. a3 f4 0-1

[Event "Benimodo op U2200 12th"]
[Site "Benimodo"]
[Date "2017.08.18"]
[Round "1"]
[White "Martinez Carnicer, Eduardo"]
[Black "Fos Santacreu, Juan Andres"]
[Result "0-1"]
[WhiteElo "1800"]
[BlackElo "2173"]
[PlyCount "124"]
[EventDate "2017.08.18"]
[EventType "swiss"]
[EventRounds "7"]
[EventCountry "ESP"]
[SourceTitle "EXT 2019"]
[Source "ChessBase"]
[SourceDate "2018.10.10"]
[SourceVersion "1"]
[SourceVersionDate "2018.10.10"]
[SourceQuality "1"]

1. e4 c6 2. d4 d5 3. e5 c5 4. dxc5 Nc6 5. Bf4 e6 6. Nf3 Bxc5 7. c3 Nge7 8. Bd3 Ng6 9. Bg3 a6 10. h4 Bd7 11. Nbd2 b5 12. Nb3 Be7 13. h5 Nf8 14. Nbd4 h6 15. Nxc6 Bxc6 16. Nd4 Bd7 17. Qg4 Rg8 18. Bf4 Bg5 19. Bxg5 Qxg5 20. Qxg5 hxg5 21. g4 f6 22. exf6 gxf6 23. f3 Ke7 24. Kd2 Kd6 25. Rae1 Rh8 26. Rh2 Ra7 27. Rhe2 e5 28. Nf5+ Kc5 29. b4+ Kc6 30. Ne7+ Kd6 31. Nf5+ Kc7 32. Ne7 Be6 33. Bf5 Bxf5 34. Nxf5 Kc6 35. a3 Rhh7 36. Kc2 Nd7 37. Rd1 Nb6 38. Ne3 a5 39. Red2 Rhd7 40. Kb2 Ra8 41. Kb3 axb4 42. cxb4 Rda7 43. Nc2 d4 44. Rc1 Nc4 45. Rd3 Kd5 46. Ka2 Ke6 47. Re1 Kf7 48. Kb3 Nxa3 49. Ra1 Nc4 50. Rxa7+ Rxa7 51. Rd1 Ke6 52. Re1 Kd5 53. Rd1 Ke6 54. Re1 Kf7 55. Rd1 f5 56. Re1 Nd2+ 57. Kb2 Nxf3 58. Rf1 fxg4 59. Na3 Rb7 60. Rc1 Kf6 61. h6 g3 62. h7 Rxh7 0-1

[Event "Aragon-chT Preferente B"]
[Site "Aragon"]
[Date "2017.03.18"]
[Round "8.56"]
[White "Martinez Carnicer, Eduardo"]
[Black "Sanchez Perez, Carlos"]
[Result "1-0"]
[WhiteElo "1822"]
[BlackElo "1552"]
[PlyCount "63"]
[EventDate "2017.01.28"]
[EventType "team-tourn"]
[EventRounds "9"]
[EventCountry "ESP"]
[SourceTitle "EXT 2018"]
[Source "ChessBase"]
[SourceDate "2017.10.13"]
[SourceVersion "1"]
[SourceVersionDate "2017.10.13"]
[SourceQuality "1"]
[WhiteTeam "Sabinanigo"]
[BlackTeam "Delicias II"]
[WhiteTeamCountry "ESP"]
[BlackTeamCountry "ESP"]

1. e4 d6 2. d4 Nf6 3. Nc3 g6 4. Nf3 Bg7 5. Bc4 0-0 6. Qe2 Nfd7 7. Be3 Nb6 8. Bb3 N8d7 9. 0-0 e6 10. a4 Nb8 11. Rfd1 N6d7 12. Bg5 Qe8 13. Nb5 Na6 14. c4 f6 15. Be3 Qe7 16. Rac1 c6 17. Nc3 Nc7 18. d5 cxd5 19. exd5 e5 20. c5 e4 21. Nd2 f5 22. cxd6 Qxd6 23. Nc4 Qb4 24. Qc2 Nc5 25. Bxc5 Qxc5 26. d6 Be6 27. dxc7 Bxc4 28. Nb5 a6 29. Qxc4+ Qxc4 30. Bxc4+ Kh8 31. Nd6 Be5 32. Nf7+ 1-0

[Event "Huesca Province-ch"]
[Site "Sabinanigo"]
[Date "2016.11.12"]
[Round "5"]
[White "Martinez Carnicer, Eduardo"]
[Black "Chesa Chavarria, Aurelio"]
[Result "1/2-1/2"]
[WhiteElo "1847"]
[BlackElo "1747"]
[PlyCount "135"]
[EventDate "2016.10.15"]
[EventType "swiss"]
[EventRounds "7"]
[EventCountry "ESP"]
[SourceTitle "EXT 2018"]
[Source "ChessBase"]
[SourceDate "2017.10.13"]
[SourceVersion "1"]
[SourceVersionDate "2017.10.13"]
[SourceQuality "1"]

1. e4 c5 2. Nf3 d6 3. d4 cxd4 4. Nxd4 Nf6 5. Nc3 g6 6. Be3 Bg7 7. f3 0-0 8. Qd2 Nc6 9. Bc4 Bd7 10. 0-0-0 Rc8 11. Bb3 Nxd4 12. Bxd4 b5 13. Nd5 Nxd5 14. Bxg7 Kxg7 15. Bxd5 Kg8 16. h4 Be6 17. h5 Bxd5 18. Qxd5 Rc5 19. Qd2 Qc7 20. hxg6 fxg6 21. Kb1 Rc8 22. Rc1 a5 23. Qh6 e6 24. Qd2 d5 25. exd5 exd5 26. Rhe1 b4 27. Re2 Rd8 28. Qd4 Rc4 29. Qf6 Rf8 30. Qe6+ Qf7 31. Qd6 Rfc8 32. Rd1 Qf5 33. Qxd5+ Qxd5 34. Rxd5 R4c5 35. Red2 Re8 36. R5d4 Re7 37. Kc1 Re1+ 38. Rd1 Re2 39. R4d2 Re7 40. Rd8+ Kf7 41. R8d7 Ke6 42. R1d6+ Kf7 43. Kd2 Rce5 44. Rxe7+ Kxe7 45. Rd3 Kf6 46. c4 h5 47. b3 Rg5 48. Ke3 Rxg2 49. Rd6+ Ke7 50. c5 h4 51. f4 h3 52. Kf3 Rg1 53. Rd2 g5 54. fxg5 Rxg5 55. c6 Rc5 56. Rd7+ Ke8 57. Ra7 Rxc6 58. Rxa5 Rh6 59. Re5+ Kd7 60. Re1 Rg6 61. Rh1 Rg2 62. Rxh3 Rxa2 63. Ke4 Rc2 64. Kd4 Kc6 65. Rh6+ Kb5 66. Rh5+ Kb6 67. Rh6+ Kc7 68. Rh7+ 1/2-1/2

[Event "Huesca Province-ch"]
[Site "Sabinanigo"]
[Date "2016.10.22"]
[Round "2"]
[White "Sorinas Citoler, Ramon"]
[Black "Martinez Carnicer, Eduardo"]
[Result "0-1"]
[WhiteElo "1537"]
[BlackElo "1847"]
[PlyCount "168"]
[EventDate "2016.10.15"]
[EventType "swiss"]
[EventRounds "7"]
[EventCountry "ESP"]
[SourceTitle "EXT 2018"]
[Source "ChessBase"]
[SourceDate "2017.10.13"]
[SourceVersion "1"]
[SourceVersionDate "2017.10.13"]
[SourceQuality "1"]

1. e4 c5 2. Nf3 d6 3. d4 cxd4 4. Nxd4 Nf6 5. Nc3 a6 6. Bd3 e5 7. Nde2 Be7 8. 0-0 0-0 9. Bg5 Be6 10. Kh1 Nc6 11. a3 Qb6 12. h3 Rad8 13. Qd2 Qc7 14. f4 exf4 15. Nxf4 Qd7 16. Rad1 Ne5 17. Nxe6 fxe6 18. Be2 Qc6 19. Bd3 Nc4 20. Bxc4 Qxc4 21. Qd3 Qxd3 22. cxd3 h6 23. Be3 Nd7 24. d4 Rxf1+ 25. Rxf1 Rf8 26. Rxf8+ Kxf8 27. Kh2 Kf7 28. Kg3 Nf6 29. e5 Nd5 30. Nxd5 exd5 31. exd6 Bxd6+ 32. Bf4 Be7 33. Kg4 Kg6 34. Be5 h5+ 35. Kf4 Bg5+ 36. Kf3 Bc1 37. b3 Bxa3 38. Bc7 Kf5 39. g4+ hxg4+ 40. hxg4+ Ke6 41. Kf4 Bc1+ 42. Kf3 Kd7 43. Be5 g6 44. Ke2 Ke6 45. Kd3 Bg5 46. Kc3 Bf6 47. Bc7 Be7 48. Be5 Bd6 49. Bg7 b6 50. Bh6 Kd7 51. Bd2 Kc6 52. Kc2 Kb5 53. Kd3 a5 54. Kc2 Bb4 55. Bc1 Be1 56. Kd1 Bc3 57. Be3 Kb4 58. Kc2 b5 59. Bf4 Bxd4 60. Bd2+ Kc5 61. Bxa5 Be3 62. Kd3 Bf4 63. Bc3 Bg3 64. b4+ Kd6 65. Bd4 Bf4 66. Ke2 Bg3 67. Ke3 Be1 68. Bc5+ Ke6 69. Kf4 Bd2+ 70. Kf3 Ke5 71. Ke2 Bg5 72. Kf3 d4 73. Bf8 Kd5 74. Bg7 Be7 75. Ke2 Bxb4 76. Kd3 Bd6 77. g5 Bc5 78. Bf6 b4 79. Kc2 Kc4 80. Kb2 d3 81. Kc1 Bd4 82. Kb1 b3 83. Kc1 b2+ 84. Kb1 d2 0-1

[Event "Aragon-chT Preferente A"]
[Site "Aragon"]
[Date "2015.03.21"]
[Round "9.35"]
[White "Fuentes Espuna, Juan Antonio"]
[Black "Martinez Carnicer, Eduardo"]
[Result "1-0"]
[WhiteElo "1912"]
[BlackElo "1855"]
[PlyCount "113"]
[EventDate "2015.01.24"]
[EventType "team-tourn"]
[EventRounds "11"]
[EventCountry "ESP"]
[SourceTitle "EXT 2017"]
[Source "ChessBase"]
[SourceDate "2016.10.25"]
[SourceVersion "1"]
[SourceVersionDate "2016.10.25"]
[SourceQuality "1"]
[WhiteTeam "La Aurora Estadilla II"]
[BlackTeam "Sabinanigo"]
[WhiteTeamCountry "ESP"]
[BlackTeamCountry "ESP"]

1. d4 Nf6 2. c4 c5 3. d5 b5 4. cxb5 a6 5. b6 Qxb6 6. Nc3 d6 7. e4 g6 8. h3 Bg7 9. Bd3 0-0 10. Nf3 e5 11. Nd2 Bd7 12. 0-0 a5 13. Nc4 Qc7 14. f4 exf4 15. Bxf4 Ne8 16. Qd2 Be5 17. Nxe5 dxe5 18. Bh6 Ng7 19. Qg5 c4 20. Be2 Qb6+ 21. Kh1 f6 22. Qd2 Na6 23. Bxc4 Qd6 24. Rf2 Rac8 25. b3 Nc7 26. Raf1 Rf7 27. Ne2 a4 28. Nc3 axb3 29. axb3 Nh5 30. Ne2 Bb5 31. Be3 Bxc4 32. bxc4 Na6 33. g4 Ng7 34. Rc1 Nc5 35. Qc2 Rcf8 36. Nc3 Nd7 37. Nb5 Qa6 38. Qa2 Qxa2 39. Rxa2 Rb8 40. Nd6 Rb3 41. Nxf7 Kxf7 42. Re2 h5 43. Kg2 hxg4 44. hxg4 f5 45. c5 f4 46. Bf2 f3+ 47. Kf1 fxe2+ 48. Kxe2 Rb2+ 49. Kf3 Rb3+ 50. Be3 Ke8 51. c6 Nb6 52. Rc2 Kd8 53. Ke2 Ne8 54. Ra2 Kc7 55. Ra7+ Kd6 56. Rb7 Rb2+ 57. Kf3 1-0

[Event "Aragon-chT Preferente A"]
[Site "Aragon"]
[Date "2015.02.07"]
[Round "3.35"]
[White "Sanchez Perez, Carlos"]
[Black "Martinez Carnicer, Eduardo"]
[Result "0-1"]
[WhiteElo "1499"]
[BlackElo "1855"]
[PlyCount "100"]
[EventDate "2015.01.24"]
[EventType "team-tourn"]
[EventRounds "11"]
[EventCountry "ESP"]
[SourceTitle "EXT 2017"]
[Source "ChessBase"]
[SourceDate "2016.10.25"]
[SourceVersion "1"]
[SourceVersionDate "2016.10.25"]
[SourceQuality "1"]
[WhiteTeam "Caissa II"]
[BlackTeam "Sabinanigo"]
[WhiteTeamCountry "ESP"]
[BlackTeamCountry "ESP"]

1. d4 Nf6 2. c4 c5 3. d5 b5 4. b3 g6 5. Bb2 d6 6. Nd2 Bg7 7. Ngf3 0-0 8. Qc2 bxc4 9. bxc4 a5 10. e3 Nbd7 11. Bd3 Nb6 12. 0-0 Bd7 13. a4 Qe8 14. Ra2 Nxa4 15. Ba1 Nb6 16. Rb1 Qd8 17. e4 Ra6 18. e5 Nh5 19. g3 Bg4 20. Re1 Qc7 21. Re4 Bf5 22. Re2 Bxd3 23. Qxd3 Nd7 24. e6 fxe6 25. Bxg7 Nxg7 26. dxe6 Ne5 27. Nxe5 dxe5 28. Re4 Rxe6 29. Nb3 Rd6 30. Qe3 Rd1+ 31. Kg2 Nf5 32. Qxc5 Qb7 33. Qxe5 Qxb3 34. Rb2 Qd3 35. Rb8 Qf1+ 36. Kf3 Nd6+ 37. Kg4 Qxf2 38. Qe6+ Qf7 39. Rxf8+ Kxf8 40. Rf4 Nf5 41. Qc8+ Kg7 42. h4 Rd3 43. Kh3 Rxg3+ 44. Kh2 Re3 45. Qc5 Qe6 46. Kg2 Re2+ 47. Rf2 Qe4+ 48. Kg1 Qg4+ 49. Kh1 Qh3+ 50. Kg1 Re1+ 0-1

[Event "Autonomico-chT"]
[Site "Aragon"]
[Date "2005.02.26"]
[Round "5.43"]
[White "Loscos Vilafranca, Jose Miguel"]
[Black "Martinez Carnicer, Eduardo"]
[Result "1-0"]
[WhiteElo "2097"]
[BlackElo "1954"]
[PlyCount "99"]
[EventDate "2005.01.22"]
[EventType "team"]
[EventRounds "12"]
[EventCountry "ESP"]
[SourceTitle "EXT 2006"]
[Source "ChessBase"]
[SourceDate "2005.11.24"]
[SourceVersion "1"]
[SourceVersionDate "2005.11.24"]
[SourceQuality "1"]

1. d4 Nf6 2. f3 d6 3. e4 g6 4. Nc3 Bg7 5. Be3 0-0 6. Qd2 a6 7. Bh6 c5 8. d5 b5 9. h4 b4 10. Nce2 e6 11. h5 exd5 12. hxg6 fxg6 13. Bxg7 Kxg7 14. Qh6+ Kg8 15. 0-0-0 Qe7 16. Nf4 Qg7 17. Qg5 Nc6 18. Nxd5 Ne5 19. Nb6 Rb8 20. Nxc8 Rbxc8 21. Rxd6 Nxe4 22. fxe4 Rxf1+ 23. Rd1 Rxd1+ 24. Kxd1 Nc4 25. Qd5+ Qf7 26. Qxf7+ Kxf7 27. Rxh7+ Kf6 28. Ke2 Nxb2 29. Nf3 Nc4 30. g4 Ne5 31. g5+ Ke6 32. Rg7 Rc6 33. Nh4 Rc8 34. Nxg6 a5 35. Nxe5 Kxe5 36. Ke3 a4 37. Rb7 Rg8 38. Rb5 Kd6 39. Kf4 Kc6 40. Ra5 a3 41. Ra6+ Kd7 42. g6 c4 43. Ra4 Rxg6 44. Rxb4 Rc6 45. Ke5 c3 46. Rb7+ Kc8 47. Rb3 Kc7 48. Rxa3 Kb6 49. Rb3+ Kc7 50. Kd4 1-0